Normal view MARC view
  • SACHDEVA, DR. MONIKA . AND DHOLPURIA, RAJESH

Entry Personal Name

Number of records used in: 1

001 - CONTROL NUMBER

  • control field: 5032

003 - CONTROL NUMBER IDENTIFIER

  • control field: OSt

005 - DATE AND TIME OF LATEST TRANSACTION

  • control field: 20190603122237.0

008 - FIXED-LENGTH DATA ELEMENTS

  • fixed length control field: 190603|| aca||aabn | a|a d

040 ## - CATALOGING SOURCE

  • Original cataloging agency: OSt
  • Transcribing agency: OSt

100 ## - HEADING--PERSONAL NAME

  • Personal name: SACHDEVA, DR. MONIKA . AND DHOLPURIA, RAJESH

670 ## - SOURCE DATA FOUND

  • Source citation: Work cat.: (OSt): SACHDEVA, DR. MONIKA . AND DHOLPURIA, RAJESH, A PRACTICAL BOOK OF REMEDIAL BIOLOGY (SEM-I)